000 00748nam a22002537a 4500
003 UA-OsUOA
001 20267
007 ta
008 20031020b un ||||| |||| 00| 0 ukr d
100 _aМамотенко М. П.
090 _a811.133.1(075)
_bМ22
942 _cBK
040 _aUA-OsUOA
_bukr
_cUA-OsUOA
_dUA-OsUOA
245 _aПрискорений курс французької мови
_bпідручник
300 _a319 с.
955 _a2
041 _aukr
080 _a811.133.1(075)
020 _a5-11-004383-3
260 _aК.
_bВища школа
_c1994
044 _aUA
650 7 _a8 Мовознавство. Художня література. Літературознавство
_2UDC
999 _c306442
_d306442